OFDM for wireless multimedia communications / (Record no. 183795)

000 -LEADER
fixed length control field 01091 a2200241 4500
003 - CONTROL NUMBER IDENTIFIER
control field NUST
005 - DATE AND TIME OF LATEST TRANSACTION
control field 20221224155102.0
010 ## - LIBRARY OF CONGRESS CONTROL NUMBER
LC control number 99052312
020 ## - INTERNATIONAL STANDARD BOOK NUMBER
International Standard Book Number 0890065306 (alk. paper)
040 ## - CATALOGING SOURCE
Transcribing agency Nust
082 00 - DEWEY DECIMAL CLASSIFICATION NUMBER
Classification number 621.3845,VAN
100 1# - MAIN ENTRY--PERSONAL NAME
Personal name van. Richard Nee
9 (RLIN) 105829
245 10 - TITLE STATEMENT
Title OFDM for wireless multimedia communications /
Statement of responsibility, etc. Richard van Nee, Ramjee Prasad.
260 ## - PUBLICATION, DISTRIBUTION, ETC.
Place of publication, distribution, etc. Boston :
Name of publisher, distributor, etc. Artech House,
Date of publication, distribution, etc. 2000.
300 ## - PHYSICAL DESCRIPTION
Extent xvii, 260 p. :
Other physical details ill. ;
Dimensions 24 cm.
505 ## - FORMATTED CONTENTS NOTE
Formatted contents note Introduction (Page-1), OFDM Basics (Page-33), Coding And Modulation (Page-51), Synchronization (Page-73), Coherent And Differential Detection (Page-95), The Peak Power Problem (Page-119), Basics Of CDMA (Page-155), Multi-Carrier CDMA (Page-179), Orthogonal Frequency Division Multiple Access (Page-213), Applications Of OFDM (Page-229).
650 #0 - SUBJECT ADDED ENTRY--TOPICAL TERM
Topical term or geographic name entry element Multimedia systems.
9 (RLIN) 36511
650 #0 - SUBJECT ADDED ENTRY--TOPICAL TERM
Topical term or geographic name entry element Orthogonal frequency division multiplexing.
9 (RLIN) 105830
650 #0 - SUBJECT ADDED ENTRY--TOPICAL TERM
Topical term or geographic name entry element Orthogonalization methods.
9 (RLIN) 105831
650 #0 - SUBJECT ADDED ENTRY--TOPICAL TERM
Topical term or geographic name entry element Wireless communication systems.
9 (RLIN) 594
700 1# - ADDED ENTRY--PERSONAL NAME
Personal name Prasad, Ramjee.
942 ## - ADDED ENTRY ELEMENTS (KOHA)
Source of classification or shelving scheme
Koha item type Book
Call number prefix 621.3845,VAN
Holdings
Withdrawn status Lost status Source of classification or shelving scheme Damaged status Not for loan Permanent Location Current Location Shelving location Date acquired Full call number Barcode Date last seen Price effective from Koha item type Public note
          Military College of Signals (MCS) Military College of Signals (MCS) General Stacks 12/12/2016 621.3845,VAN MCS28934 12/08/2016 12/12/2016 Book Almirah No.39, Shelf No.2
© 2023 Central Library, National University of Sciences and Technology. All Rights Reserved.